000 01785cam a2200325 a 4500
005 20031230185550.0
008 940308s1993 enkab b 001 0 eng
010 _aENG-101671 B-444869-872
020 _c499.00
_a9788184001150
035 _aEN-85204 B-444869-872
037 _bDBAD/PUB
037 _bAllied Pub/Ven
040 _adpl
_bEng
082 _a641.5
100 1 _922405
_aChatterjee, Anjan
245 1 0 _aThe mainland China cookbook/
_cby Anjan Chatterjee
260 _aNoida
_bRandom House India
_c2010
270 _aMind Mill Corporate Tower, 2nd Floor, Plot No 24A Sector 16A,
_bNoida
_e201301
300 1 _a196p.:
_c25cm (pbk)
_bill
650 0 _922448
651 _922481
700 _922431
942 _2ddc
_cEN
_mCHA
_h641.5
999 _c48279
_d48279